Music Quiz

Random Music or Song Quiz
Score 0/149 Timer 06:00
0 Plays Today
% Correct
be
99.4%
the
99.4%
the
99.4%
be
99.4%
the
99.4%
the
99.4%
be
99.4%
a
99.4%
the
99.4%
the
99.4%
be
99.4%
I
98.8%
I
98.8%
I
98.8%
I
98.8%
I
98.8%
I
98.8%
I
98.8%
I
98.8%
I
98.8%
I
98.8%
shall
98.3%
released
98.3%
shall
98.3%
released
98.3%
shall
98.3%
released
98.3%
day
91.8%
day
91.8%
day
91.8%
day
91.8%
day
91.8%
day
91.8%
day
91.8%
now,
90.7%
now
90.7%
now,
90.7%
now
90.7%
now,
90.7%
now
90.7%
see
89.5%
see
89.5%
see
89.5%
see
89.5%
From
89.2%
From
89.2%
From
89.2%
man
88.9%
man
88.9%
man
88.9%
% Correct
man
88.9%
my
88.6%
my
88.6%
my
88.6%
my
88.6%
Any
88.3%
any
88.3%
Any
88.3%
any
88.3%
Any
88.3%
any
88.3%
that
88%
that
88%
They
87.5%
say
87.5%
They
87.5%
say
87.5%
They
87.5%
say
87.5%
ev’ry
86.9%
ev’ry
86.9%
ev’ry
86.9%
ev’ry
86.9%
ev’ry
86.9%
east
85.1%
east
85.1%
east
85.1%
west
84.8%
west
84.8%
west
84.8%
shining
84.5%
unto
84.5%
shining
84.5%
unto
84.5%
shining
84.5%
unto
84.5%
come
83.7%
come
83.7%
come
83.7%
he
81.6%
not
81.3%
not
81.3%
light
80.8%
light
80.8%
light
80.8%
me
80.5%
me
80.5%
is
80.2%
Is
80.2%
to
78.7%
% Correct
to
78.7%
So
77.6%
so
77.6%
so
77.6%
who
76.4%
who
76.4%
must
74.9%
can
72.6%
fall
71.4%
this
71.1%
this
71.1%
Of
70.3%
here
68.2%
reflection
67.6%
in
67.6%
swear
64.1%
needs
63.6%
wall
63.3%
All
62.4%
where
61.8%
protection
61.2%
Some
60.9%
replaced
60.6%
distance
60.3%
high
60.3%
he's
60.3%
face
60.1%
put
59.5%
blame
59.2%
remember
58.9%
hear
58.9%
ev’rything
57.7%
above
57.7%
out
57.4%
near
57.1%
him
54.8%
loud
54.8%
was
54.5%
lonely
53.9%
Crying
53.9%
long
53.6%
framed
53.6%
swears
51.3%
crowd
47.8%
Yet
43.7%
Yet
43.7%
shout
42.9%
next
27.1%
Standing
17.5%
Remove Ads.
Support Sporcle.
Get the best of Sporcle when you Go Orange. This ad-free experience offers more features, more stats, and more fun while also helping to support Sporcle. Thank you for becoming a member.

You're not logged in!

Compare scores with friends on all Sporcle quizzes.
OR
Log In

Show Comments

Extras

Top Quizzes Today


Score Distribution

Your Account Isn't Verified!

In order to create a playlist on Sporcle, you need to verify the email address you used during registration. Go to your Sporcle Settings to finish the process.

Report this User

Report this user for behavior that violates our Community Guidelines.

Details: